00462nam a2200181 a 4500001001300000003000900013005001700022008004100039020000900080082001600089100002800105245002600133260002700159300000900186500003500195650002200230700002800252nice12345678IN_TiNIC20260116011854.0070309s1350 baga grp 000 0 per  ac5000a340.59bGHA aGharvi, Mohammed Husain aRisahal-Esawal-ojawab aBaghdad bNajaf c1350 a104p aincludes index and biblioraphy aIslamic-Law Shiah1 aGharvi, Mohammed Husain